| 000 | 00391nam a2200145Ia 4500 | ||
|---|---|---|---|
| 008 | 210210b1975 xxu||||| |||| 00| 0 eng d | ||
| 082 | _a954.01 GOKA | ||
| 100 | _aGOKHALE (B K) and others. | ||
| 245 | _aAncient Indian history and culture with maps and illustrations. Ed 11. | ||
| 250 | _a | ||
| 260 |
_aBombay. _b _c1975 |
||
| 300 | _axii,398 | ||
| 690 | _aIndian History | ||
| 906 | _a033701 | ||
| 999 |
_c84806 _d84806 |
||